000 01104nam a2200265Ia 4500
003 Ost
005 20260507075555.0
008 260507s9999||||xx |||||||||||||| ||und||
020 _a9957180509
040 _cfsecg
041 _aara
082 _a330
100 _aالعلاق، بشير عباس
_eمؤلف
245 0 _aادارة المخازن /
_c بشير عباس العلاق
260 _aعمان:
_bدار المناهج للنشر و التوزيع,
_c2006
300 _a210 صفحة؛
_bإيضاحات ؛
_c24 سم
490 _aسلسلة الادارة المخزنية
504 _aمراجع ص.206
520 _aالمساحة التخزينية و ادارة الموارد و كذا موقع المخزن و انواع المستودعات و تكنولوجيا المعلومات في مجال التخزين و أخيرا تطبيقات عامة.
653 _aادارة المخازن
653 _aادارة المستودعات
653 _aالمخازن
700 _aالصيرفي، محمد عبد الفتاح
_eمؤلف ثانوي
942 _cكتاب
999 _c44958
_d44958